[Event "Asian Zonal 3.3 Women 2019"]
[Site "Ulaanbaatar"]
[Date "2019.04.15"]
[Round "9.18"]
[White "Enkhnasan, Namjiljav"]
[Black "Lkhagvajed, Gantulga"]
[Result "1/2-1/2"]
[WhiteElo "1610"]
[BlackElo "1344"]
[Annotator "NA RC"]
[PlyCount "102"]
[EventDate "2019.04.07"]
[EventType "swiss"]
[EventRounds "9"]
[EventCountry "MGL"]
[SourceTitle "playchess.com"]
[Source "ChessBase"]
[SourceQuality "1"]
[TimeControl "40/5400+30:1800+30"]

1. d4 d5 2. c4 c6 3. Bf4 e6 4. e3 Bd6 5. Bxd6 Qxd6 6. c5 Qc7 7. Nf3 Nd7 8. Bd3 Ngf6 9. Nc3 e5 10. Bf5 e4 11. Bxd7+ Nxd7 12. Nd2 O-O 13. Ne2 f5 14. Nf4 Nf6 15. h4 Qf7 16. Nf1 Bd7 17. Ng3 b6 18. b4 bxc5 19. bxc5 Rab8 20. O-O h6 21. h5 Rb7 22. Rb1 Rfb8 23. Rxb7 Rxb7 24. Qc2 Bc8 25. Rb1 Kh7 26. Rxb7 Qxb7 27. Ng6 Nxh5 28. Nxh5 Kxg6 29. Nf4+ Kh7 30. Qd1 g6 31. g3 a6 32. Kg2 g5 33. Ne2 Qd7 34. Ng1 Kg6 35. a3 h5 36. Qb3 h4 37. Qb8 hxg3 38. Qxg3 Qf7 39. Nh3 Qe7 40. Qb8 Bd7 41. Qg8+ Qg7 42. Qxg7+ Kxg7 43. Nxg5 a5 44. Kg3 Kg6 45. Kf4 Kf6 46. f3 a4 47. Nh3 Be8 48. fxe4 fxe4 49. Nf2 Bh5 50. Nh1 Be2 51. Ng3 Bf3 1/2-1/2